| 000 | 00867nac a22002777a 4500 | ||
|---|---|---|---|
| 001 | BR9103957 | ||
| 003 | BR-BrBNA | ||
| 005 | 20240105121223.0 | ||
| 008 | 230509b bl.|||m| |||| 00| 0 por d | ||
| 040 |
_aBR-BrBNA _bpor _cBiblioteca Nacional de Agricultura |
||
| 072 | _aE80 | ||
| 090 | _a9703 BR9103957 | ||
| 100 | 1 | _aAlencar, N. de | |
| 110 | 1 |
_aUniversidade Federal de Vicosa, MG (Brasil). Conselho de Extensao _910969 |
|
| 245 | 1 | _aProcessamento artesanal de carnes e peles de caprinos | |
| 260 | 3 |
_aVicosa, MG (Brasil): _c1988. |
|
| 300 | _a16 p. | ||
| 490 |
_aInforme Tecnico - Universidade Federal de Vicosa. Conselho de Extensao (Brazil) _vno. 68 _x |
||
| 650 | _aCAPRINO | ||
| 650 | _aCARNE | ||
| 650 | _aPELE | ||
| 650 | _aINDUSTRIA CASEIRA | ||
| 650 | _aPRATICO | ||
| 909 |
_a202312 _bLúcia Elande _c55 _dLúcia Elande |
||
| 942 |
_2AGRIS _n0 _cMS |
||
| 999 |
_c284029 _d284029 |
||